[Event "2016 Lethbridge Open"]
[Site "Lethbridge"]
[Date "2016.04.02"]
[Round "2.2"]
[White "Zeggelaar, Mike"]
[Black "Anderson, Mark"]
[Result "1-0"]
[WhiteElo "2059"]
[BlackElo "1754"]
[PlyCount "63"]
[EventDate "2016.04.02"]
[EventType "swiss"]
[EventRounds "5"]
[EventCountry "CAN"]

1. e4 c6 2. d4 d5 3. Nc3 dxe4 4. Nxe4 Bf5 5. Ng3 Bg6 6. Nf3 Nd7 7. h4 h6 8. h5
Bh7 9. Bd3 Bxd3 10. Qxd3 e6 11. Bf4 Ngf6 12. O-O-O Nd5 13. Bd2 Be7 14. Ne4 Qc7
15. g3 O-O-O 16. Kb1 N7f6 17. Nxf6 Bxf6 18. Qa3 b6 19. c4 Ne7 20. Bf4 Qb7 21.
Rhe1 Nf5 22. d5 exd5 23. cxd5 c5 24. g4 Nd4 25. Nxd4 Bxd4 26. Rxd4 Qd7 27. Qa6+
Qb7 28. Qxb7+ Kxb7 29. Re7+ Ka8 30. Rd1 Rhf8 31. d6 g6 32. Bxh6 1-0

[Event "2016 Lethbridge Open"]
[Site "Lethbridge"]
[Date "2016.04.02"]
[Round "2.3"]
[White "Koperski, Dustin"]
[Black "Pradzinski, Tim"]
[Result "0-1"]
[WhiteElo "1730"]
[BlackElo "1942"]
[PlyCount "48"]
[EventDate "2016.04.02"]
[EventType "swiss"]
[EventRounds "5"]
[EventCountry "CAN"]

1. e4 c5 2. d4 cxd4 3. c3 e5 4. cxd4 exd4 5. Qxd4 Nc6 6. Qd1 Bc5 7. Nf3 Nge7 8.
Bc4 O-O 9. O-O h6 10. Bf4 d6 11. h3 Be6 12. Qe2 Ng6 13. Bh2 Qf6 14. Nc3 Nf4 15.
Bxf4 Qxf4 16. Bxe6 fxe6 17. Rfd1 a6 18. Na4 Ba7 19. Nc3 Rad8 20. Qd2 Qf6 21.
Ne2 Ne5 22. Ned4 d5 23. exd5 Rxd5 24. Qc3 Rfd8 0-1

[Event "2016 Lethbridge Open"]
[Site "Lethbridge"]
[Date "2016.04.02"]
[Round "2.5"]
[White "Dave, Bhavik"]
[Black "Szulski, Adam"]
[Result "1-0"]
[WhiteElo "1859"]
[BlackElo "1690"]
[PlyCount "101"]
[EventDate "2016.04.02"]
[EventType "swiss"]
[EventRounds "5"]
[EventCountry "CAN"]

1. d4 Nf6 2. c4 g6 3. Nc3 Bg7 4. e4 d6 5. f4 O-O 6. Nf3 c5 7. d5 e6 8. Be2 exd5
9. exd5 Re8 10. O-O Bf5 11. Bd3 Bxd3 12. Qxd3 h6 13. Bd2 Na6 14. Rae1 Qd7 15.
a3 Nc7 16. h3 a6 17. a4 Rab8 18. a5 b6 19. Rxe8+ Ncxe8 20. axb6 Rxb6 21. Bc1
Rb8 22. Re1 Nh7 23. f5 Qxf5 24. Qxf5 gxf5 25. Nh4 Bd4+ 26. Kf1 Ng7 27. Bxh6
Rxb2 28. Ne2 Bf6 29. Bxg7 Bxg7 30. Nxf5 Be5 31. Neg3 Nf6 32. Ra1 Rb6 33. Ra2
Kf8 34. Kf2 Ne8 35. Ne4 Nf6 36. Ng5 Nxd5 37. cxd5 c4 38. Nf3 Rb2+ 39. Rxb2 Bxb2
40. Nxd6 c3 41. Nd4 Ba3 42. N6f5 Bc5 43. Ke2 a5 44. Nb5 Bb4 45. Kd3 Kg8 46.
Nxc3 Kh7 47. d6 Bc5 48. Na4 Bxd6 49. Nxd6 Kg6 50. Nc4 f5 51. Ke3 1-0

[Event "2016 Lethbridge Open"]
[Site "Lethbridge"]
[Date "2016.04.02"]
[Round "2.6"]
[White "Robertson, Trevor"]
[Black "Erdos, Larry"]
[Result "1/2-1/2"]
[WhiteElo "1567"]
[BlackElo "1819"]
[PlyCount "95"]
[EventDate "2016.04.02"]
[EventType "swiss"]
[EventRounds "5"]
[EventCountry "CAN"]

1. d4 Nf6 2. Nf3 g6 3. c4 d6 4. Nc3 Bg7 5. d5 e5 6. e4 O-O 7. Bd3 Nh5 8. O-O f5
9. Bg5 Qe8 10. exf5 gxf5 11. Be2 Qg6 12. Be7 Nf4 13. g3 Rf7 14. Bh4 Nxe2+ 15.
Qxe2 f4 16. Ng5 Bf6 17. Nxf7 Bxh4 18. Nxe5 dxe5 19. Qxe5 Bh3 20. Rfe1 fxg3 21.
hxg3 Nd7 22. Qe4 Bg5 23. Qxg6+ hxg6 24. f4 Bf6 25. Kh2 Bg4 26. Re3 Kf7 27. Kg2
Rh8 28. Rh1 Rxh1 29. Kxh1 Nc5 30. Nb5 c6 31. dxc6 bxc6 32. Nd6+ Kg8 33. b4 Ne6
34. Ra3 Bd4 35. c5 Nxc5 36. bxc5 Bxc5 37. Rd3 Be6 38. a3 Bd5+ 39. Rxd5 cxd5 40.
Nb5 d4 41. a4 Kf7 42. g4 Kf6 43. Kg2 Ke6 44. Kf3 Kd5 45. f5 gxf5 46. gxf5 Ke5
47. f6 Kxf6 48. Ke4 1/2-1/2

[Event "2016 Lethbridge Open"]
[Site "Lethbridge"]
[Date "2016.04.02"]
[Round "2.9"]
[White "Panteluk, Steven"]
[Black "Mikusek, Jerry"]
[Result "0-1"]
[WhiteElo "1868"]
[BlackElo "1514"]
[PlyCount "46"]
[EventDate "2016.04.02"]
[EventType "swiss"]
[EventRounds "5"]
[EventCountry "CAN"]

1. d4 d5 2. Nf3 Bf5 3. g3 e6 4. Bg2 c5 5. c4 Nf6 6. O-O Be7 7. Nc3 Nc6 8. Re1
dxc4 9. Qa4 O-O 10. dxc5 Bxc5 11. e4 Bg6 12. Bf4 Qb6 13. Re2 Nh5 14. Be3 Bxe3
15. Rxe3 Qb4 16. Qc2 Nf6 17. Bf1 Rad8 18. Nd2 Nd4 19. Qd1 b5 20. a4 Nb3 21.
Ncb1 Nxa1 22. axb5 Nb3 23. Bxc4 Nxd2 0-1

[Event "2016 Lethbridge Open"]
[Site "Lethbridge"]
[Date "2016.04.02"]
[Round "2.11"]
[White "Viminitz, Paul"]
[Black "Moreau, Stephen"]
[Result "1-0"]
[WhiteElo "1508"]
[BlackElo "1619"]
[PlyCount "67"]
[EventDate "2016.04.02"]
[EventType "swiss"]
[EventRounds "5"]
[EventCountry "CAN"]

1. Nf3 e6 2. g3 c5 3. Bg2 g6 4. b3 Bg7 5. c3 Nc6 6. Bb2 d5 7. O-O Nf6 8. d4
cxd4 9. cxd4 Bd7 10. Nbd2 Rc8 11. Rc1 O-O 12. a3 Qe7 13. b4 a6 14. Re1 Ng4 15.
h3 Nh6 16. e4 dxe4 17. Nxe4 f6 18. Nc5 Nd8 19. d5 Qd6 20. dxe6 Qxd1 21. Rcxd1
Rxc5 22. Rxd7 Rc8 23. e7 Re8 24. exd8=Q Rcxd8 25. Red1 Rc8 26. Rxb7 Rc2 27. Rd2
Rxd2 28. Nxd2 Re2 29. Bc3 Nf7 30. Rb8+ Bf8 31. Kf1 Re6 32. Ne4 Kg7 33. Nxf6
Rxf6 34. Bxf6+ 1-0

[Event "2016 Lethbridge Open"]
[Site "Lethbridge"]
[Date "2016.04.02"]
[Round "3.1"]
[White "Findlay, Ian"]
[Black "Zeggelaar, Mike"]
[Result "1-0"]
[WhiteElo "2267"]
[BlackElo "2059"]
[PlyCount "57"]
[EventDate "2016.04.02"]
[EventType "swiss"]
[EventRounds "5"]
[EventCountry "CAN"]

1. e4 c5 2. Nf3 d6 3. d4 cxd4 4. Nxd4 Nf6 5. Nc3 g6 6. Be3 Bg7 7. f3 O-O 8. Qd2
Nc6 9. O-O-O d5 10. exd5 Nxd5 11. Nxc6 bxc6 12. Bd4 e5 13. Bc5 Be6 14. Ne4 Re8
15. g4 Qc7 16. h4 a5 17. h5 Nb4 18. a3 Red8 19. Bd6 Na2+ 20. Kb1 Qb6 21. c4
Rab8 22. Rh2 f5 23. gxf5 gxf5 24. Rg2 fxe4 25. Rxg7+ Kxg7 26. Qg5+ Kf7 27. Qe7+
Kg8 28. Qxe6+ Kg7 29. h6+ 1-0

[Event "2016 Lethbridge Open"]
[Site "Lethbridge"]
[Date "2016.04.02"]
[Round "3.2"]
[White "Erdos, Larry"]
[Black "Dave, Bhavik"]
[Result "0-1"]
[WhiteElo "1819"]
[BlackElo "1859"]
[PlyCount "46"]
[EventDate "2016.04.02"]
[EventType "swiss"]
[EventRounds "5"]
[EventCountry "CAN"]

1. e4 e5 2. Nf3 Nc6 3. Bb5 a6 4. Ba4 Nf6 5. O-O b5 6. Bb3 Be7 7. Qe2 O-O 8. a4
b4 9. a5 d6 10. Ba4 Nxa5 11. d4 exd4 12. Nxd4 c5 13. Nf5 Nb7 14. c4 Bd7 15. Rd1
Bxa4 16. Rxa4 Qc7 17. f3 g6 18. Nxe7+ Qxe7 19. Bg5 Qe5 20. h4 Nh5 21. Rd5 Nf4
22. Bxf4 Qxf4 23. Qf2 Qc1+ 0-1

[Event "2016 Lethbridge Open"]
[Site "Lethbridge"]
[Date "2016.04.02"]
[Round "3.3"]
[White "Jackson, Phil"]
[Black "Pisanski, Piotr"]
[Result "1-0"]
[WhiteElo "1739"]
[BlackElo "1828"]
[PlyCount "69"]
[EventDate "2016.04.02"]
[EventType "swiss"]
[EventRounds "5"]
[EventCountry "CAN"]

1. e4 e5 2. Nf3 Nc6 3. Bb5 a6 4. Ba4 Nf6 5. O-O Be7 6. Nc3 b5 7. Bb3 O-O 8. a3
d6 9. d3 Bg4 10. h3 Bh5 11. Be3 Nd4 12. Bxd4 exd4 13. Nd5 c5 14. c4 Nd7 15. Nf4
Bxf3 16. Qxf3 Bg5 17. Nd5 bxc4 18. Bxc4 Ne5 19. Qd1 Nxc4 20. dxc4 f5 21. Re1
fxe4 22. Rxe4 Rb8 23. Qc2 Bh4 24. f3 Bf6 25. Rae1 d3 26. Qxd3 Bxb2 27. Ne7+ Kh8
28. Nc6 Bd4+ 29. Kh1 Qd7 30. Nxb8 Rxb8 31. Re7 Qc8 32. Qe4 h6 33. Qg6 Be5 34.
f4 Qf8 35. Rf7 1-0

[Event "2016 Lethbridge Open"]
[Site "Lethbridge"]
[Date "2016.04.03"]
[Round "4.1"]
[White "Dave, Bhavik"]
[Black "Findlay, Ian"]
[Result "0-1"]
[WhiteElo "1859"]
[BlackElo "2267"]
[PlyCount "130"]
[EventDate "2016.04.02"]
[EventType "swiss"]
[EventRounds "5"]
[EventCountry "CAN"]

1. d4 Nf6 2. c4 e6 3. Nc3 Bb4 4. Qc2 Nc6 5. Nf3 d6 6. Bg5 h6 7. Bxf6 Qxf6 8. e3
O-O 9. Bd3 e5 10. d5 Ne7 11. O-O Bxc3 12. Qxc3 c6 13. dxc6 bxc6 14. Nd2 Bf5 15.
f4 Bxd3 16. Qxd3 exf4 17. b3 d5 18. cxd5 Nxd5 19. exf4 Nxf4 20. Qc4 Qd4+ 21.
Qxd4 Ne2+ 22. Kf2 Nxd4 23. Nf3 Rfd8 24. Rfc1 Nxf3 25. Kxf3 Rd3+ 26. Ke2 Rd6 27.
Rc3 Re8+ 28. Re3 Kf8 29. Rc1 Rg6 30. g3 Ree6 31. Rxe6 Rxe6+ 32. Kd3 Ke7 33. Rc4
Kd6 34. Rg4 g6 35. Ra4 Re7 36. Rh4 h5 37. Rd4+ Kc5 38. a3 a5 39. Rc4+ Kb5 40.
Rf4 f5 41. h3 Re1 42. g4 hxg4 43. hxg4 Re5 44. gxf5 Rxf5 45. Rg4 g5 46. Kc3 Rd5
47. Kc2 Kb6 48. Kc3 Kc7 49. Kc4 Kd6 50. a4 Rf5 51. Rd4+ Rd5 52. Rg4 Rc5+ 53.
Kd4 Rf5 54. Kc3 Ke6 55. b4 Rf3+ 56. Kc4 Kf5 57. Rd4 Ra3 58. Kc5 Rxa4 59. Kxc6
Rxb4 60. Rd5+ Kf4 61. Rxa5 g4 62. Kd5 g3 63. Ra8 g2 64. Rf8+ Kg3 65. Ke5 g1=Q
0-1

[Event "2016 Lethbridge Open"]
[Site "Lethbridge"]
[Date "2016.04.03"]
[Round "4.2"]
[White "Pradzinski, Tim"]
[Black "Jackson, Phil"]
[Result "1-0"]
[WhiteElo "1942"]
[BlackElo "1739"]
[PlyCount "61"]
[EventDate "2016.04.02"]
[EventType "swiss"]
[EventRounds "5"]
[EventCountry "CAN"]

1. e4 e5 2. f4 exf4 3. Nf3 Nf6 4. Nc3 Bb4 5. Bc4 d6 6. O-O Bg4 7. d4 O-O 8. Qd3
Nbd7 9. Bxf4 Nb6 10. Bb3 a5 11. a3 Bxc3 12. bxc3 a4 13. Ba2 h6 14. Rae1 Ra5 15.
h3 Be6 16. d5 Bd7 17. Nd4 Nh5 18. Bd2 Rc5 19. c4 Qh4 20. Rf3 g5 21. g4 Nf4 22.
Qf1 Bxg4 23. hxg4 Qxg4+ 24. Kf2 Qh4+ 25. Ke3 Nxc4+ 26. Bxc4 Rxc4 27. Rxf4 gxf4+
28. Kd3 Rc5 29. Bxf4 Kh7 30. Re3 Rg8 31. Rh3 1-0

[Event "2016 Lethbridge Open"]
[Site "Lethbridge"]
[Date "2016.04.03"]
[Round "4.3"]
[White "Quiring, John"]
[Black "Robertson, Trevor"]
[Result "1-0"]
[WhiteElo "1863"]
[BlackElo "1567"]
[PlyCount "83"]
[EventDate "2016.04.02"]
[EventType "swiss"]
[EventRounds "5"]
[EventCountry "CAN"]

1. d4 d5 2. c4 e6 3. Nf3 Nf6 4. g3 c6 5. Bg2 Nbd7 6. O-O Bd6 7. Re1 O-O 8. Nc3
Re8 9. Bg5 h6 10. Bxf6 Qxf6 11. e4 Qd8 12. exd5 cxd5 13. cxd5 Nf6 14. dxe6 Rxe6
15. Qb3 Qb6 16. Qxb6 axb6 17. Rxe6 Bxe6 18. a3 Rd8 19. Ne5 Bc8 20. Nc4 Bc7 21.
d5 Ne8 22. Nb5 Bb8 23. Nxb6 Nd6 24. Nxd6 Bxd6 25. Rc1 Bf5 26. Nc4 Rc8 27. Bf1
Be5 28. Re1 Bb8 29. Rd1 Bc2 30. Rd2 Bb3 31. Na5 Rc2 32. Rxc2 Bxc2 33. Nxb7 Be4
34. Bg2 Bxg2 35. Kxg2 Kf8 36. Kf3 Ke7 37. Ke4 Ba7 38. f3 Kd7 39. b4 Bg1 40. h3
Bh2 41. g4 g6 42. a4 1-0

[Event "2016 Lethbridge Open"]
[Site "Lethbridge"]
[Date "2016.04.03"]
[Round "4.4"]
[White "Zeggelaar, Mike"]
[Black "Szulski, Adam"]
[Result "1-0"]
[WhiteElo "2059"]
[BlackElo "1690"]
[PlyCount "93"]
[EventDate "2016.04.02"]
[EventType "swiss"]
[EventRounds "5"]
[EventCountry "CAN"]

1. e4 c5 2. Nf3 d6 3. d4 cxd4 4. Nxd4 Nf6 5. Nc3 a6 6. Be3 e5 7. Nb3 Nc6 8. f3
Be7 9. Qd2 Qc7 10. O-O-O Be6 11. g4 h6 12. Be2 b5 13. h4 b4 14. Nd5 Bxd5 15.
exd5 Na5 16. Qxb4 Nxb3+ 17. Qxb3 O-O 18. Qb6 Rfc8 19. Qxc7 Rxc7 20. Kb1 Nd7 21.
c4 Nc5 22. Kc2 a5 23. b3 Na6 24. a3 Nc5 25. Bd3 Rb8 26. Rb1 Rcb7 27. Bxc5 dxc5
28. Be4 Bd6 29. Kc3 g6 30. Bc2 Kg7 31. Rhe1 f6 32. Rbd1 Rf8 33. Re3 Rbf7 34.
Rg1 Re7 35. Re2 Ref7 36. Re3 Re7 37. f4 exf4 38. Rxe7+ Bxe7 39. Re1 Kf7 40.
Bxg6+ Kxg6 41. Rxe7 f5 42. Re6+ Rf6 43. Rxf6+ Kxf6 44. gxf5 Kxf5 45. Kd3 Ke5
46. Ke2 Kd6 47. Kf3 1-0

[Event "2016 Lethbridge Open"]
[Site "Lethbridge"]
[Date "2016.04.03"]
[Round "5.1"]
[White "Findlay, Ian"]
[Black "Pradzinski, Tim"]
[Result "1-0"]
[WhiteElo "2267"]
[BlackElo "1942"]
[PlyCount "81"]
[EventDate "2016.04.02"]
[EventType "swiss"]
[EventRounds "5"]
[EventCountry "CAN"]

1. e4 c5 2. Nf3 d6 3. d4 cxd4 4. Nxd4 Nf6 5. Nc3 a6 6. Bg5 e6 7. f4 Be7 8. Qf3
Qc7 9. O-O-O Nbd7 10. Bd3 b5 11. Rhe1 Bb7 12. Qg3 O-O-O 13. Bxf6 gxf6 14. Qg7
Rdf8 15. Nxe6 fxe6 16. Qxe7 Nc5 17. Qxc7+ Kxc7 18. a3 h5 19. Bf1 Rh7 20. b4 Nd7
21. Re3 Nb8 22. Red3 Rd8 23. h4 Rg7 24. Kb2 Nc6 25. g3 Ne7 26. Be2 Rh7 27. Bf3
f5 28. Re1 fxe4 29. Bxe4 Rh6 30. Bxb7 Kxb7 31. Ne4 Nf5 32. Ng5 Re8 33. Nf7 Kc6
34. Nxh6 Nxh6 35. Kb3 Nf5 36. a4 d5 37. axb5+ axb5 38. Re5 Kd6 39. Rdxd5+ exd5
40. Rxe8 Nxg3 41. Re5 1-0

[Event "2016 Lethbridge Open"]
[Site "Lethbridge"]
[Date "2016.04.03"]
[Round "5.2"]
[White "Zeggelaar, Mike"]
[Black "Quiring, John"]
[Result "1/2-1/2"]
[WhiteElo "2059"]
[BlackElo "1863"]
[PlyCount "68"]
[EventDate "2016.04.02"]
[EventType "swiss"]
[EventRounds "5"]
[EventCountry "CAN"]

1. e4 e5 2. Nf3 Nc6 3. Bc4 Be7 4. d4 exd4 5. Nxd4 Nf6 6. Nxc6 dxc6 7. Qxd8+
Bxd8 8. O-O b5 9. Bb3 c5 10. e5 c4 11. exf6 Bxf6 12. Bxc4 bxc4 13. c3 Be6 14.
Nd2 Kd7 15. Ne4 Be7 16. Be3 Rab8 17. Rad1+ Kc6 18. Rd2 Rhd8 19. Rxd8 Bxd8 20.
Bc1 a5 21. Rd1 Be7 22. h3 a4 23. Kf1 a3 24. bxa3 Rb1 25. Ke1 Ra1 26. Bg5 Rxd1+
27. Kxd1 Bxa3 28. Bc1 Bd5 29. f3 Bxc1 30. Kxc1 Bxe4 31. fxe4 Kb5 32. e5 Ka4 33.
Kb2 Kb5 34. Kc2 Ka4 1/2-1/2

[Event "2016 Lethbridge Open"]
[Site "Lethbridge"]
[Date "2016.04.03"]
[Round "5.4"]
[White "Robertson, Trevor"]
[Black "Jackson, Phil"]
[Result "0-1"]
[WhiteElo "1567"]
[BlackElo "1739"]
[PlyCount "90"]
[EventDate "2016.04.02"]
[EventType "swiss"]
[EventRounds "5"]
[EventCountry "CAN"]

1. c4 e5 2. Nc3 Nf6 3. g3 Bc5 4. Bh3 Nc6 5. d3 O-O 6. Bg5 h6 7. Bxf6 Qxf6 8.
Nf3 d6 9. Bxc8 Raxc8 10. Ne4 Bb4+ 11. Nfd2 Qd8 12. O-O f5 13. Nc3 Bxc3 14. bxc3
Ne7 15. Qb3 b6 16. e4 Kh8 17. exf5 Rxf5 18. Rad1 Ng8 19. Ne4 Nf6 20. f3 Qe7 21.
Rde1 Rf8 22. Qd1 Nxe4 23. dxe4 R5f7 24. Kg2 Qd7 25. Rf2 g5 26. Ref1 Qc6 27. Qd5
Qa4 28. Qe6 Rf6 29. Qg4 Qxc4 30. h4 gxh4 31. Qxh4 Qxc3 32. Qg4 Qe3 33. Qh5 Qg5
34. Qh3 Rg8 35. Kh2 Rfg6 36. Rg2 Qe3 37. f4 exf4 38. Rxf4 Qxf4 39. gxf4 Rxg2+
40. Kh1 Rg1+ 41. Kh2 R8g2+ 42. Qxg2 Rxg2+ 43. Kxg2 c5 44. e5 dxe5 45. fxe5 Kg7
0-1

[Event "2016 Lethbridge Open"]
[Site "Lethbridge"]
[Date "2016.04.03"]
[Round "5.5"]
[White "Menard, Tyson"]
[Black "Schech, Roland"]
[Result "1-0"]
[WhiteElo "1626"]
[BlackElo "1559"]
[PlyCount "97"]
[EventDate "2016.04.02"]
[EventType "swiss"]
[EventRounds "5"]
[EventCountry "CAN"]

1. e4 Nf6 2. e5 Nd5 3. d4 d6 4. Nf3 e6 5. Bc4 Nb6 6. Bb3 Nc6 7. Qe2 d5 8. c3 a6
9. O-O Bd7 10. a4 a5 11. Bc2 h6 12. Na3 Be7 13. b3 g5 14. Nd2 h5 15. f4 g4 16.
f5 exf5 17. Bxf5 Be6 18. Nb5 Qd7 19. Bxe6 fxe6 20. Ba3 O-O-O 21. Bxe7 Qxe7 22.
Rf4 Rdf8 23. Raf1 Rxf4 24. Rxf4 Rf8 25. Qf2 Nd7 26. Nf1 h4 27. Ne3 g3 28. hxg3
Rxf4 29. Qxf4 hxg3 30. Qxg3 Qh7 31. Qe1 Qe4 32. Qg3 Qb1+ 33. Kh2 Qh7+ 34. Qh3
Qxh3+ 35. gxh3 Nf8 36. Kg3 Ne7 37. Kg4 Kd7 38. h4 Nc8 39. Kg5 c6 40. Na3 Na7
41. Kf6 Ke8 42. Ng2 b5 43. Nf4 bxa4 44. bxa4 Nc8 45. Nxe6 Nd7+ 46. Kg7 Ke7 47.
Nf4 Ncb6 48. h5 c5 49. h6 1-0

[Event "2016 Lethbridge Open"]
[Site "Lethbridge"]
[Date "2016.04.03"]
[Round "5.6"]
[White "Szulski, Adam"]
[Black "Pisanski, Piotr"]
[Result "1-0"]
[WhiteElo "1690"]
[BlackElo "1828"]
[PlyCount "49"]
[EventDate "2016.04.02"]
[EventType "swiss"]
[EventRounds "5"]
[EventCountry "CAN"]

1. e4 e5 2. Nf3 Nc6 3. Bb5 a6 4. Ba4 Nf6 5. d3 h6 6. Bxc6 dxc6 7. Nxe5 Bd6 8.
Nf3 Bg4 9. h3 Bh5 10. g4 Bg6 11. e5 Bxe5 12. Nxe5 Qd5 13. O-O O-O-O 14. Nxg6
fxg6 15. Nc3 Qd7 16. Qf3 Rdf8 17. Qg3 g5 18. Be3 h5 19. f3 b5 20. a3 a5 21.
Bxg5 b4 22. axb4 axb4 23. Ra8+ Kb7 24. Rxf8 Rxf8 25. Bxf6 1-0

[Event "2016 Lethbridge Open"]
[Site "Lethbridge"]
[Date "2016.04.03"]
[Round "5.8"]
[White "Koperski, Dustin"]
[Black "Davis-Imhof, Peter"]
[Result "1-0"]
[WhiteElo "1730"]
[BlackElo "1607"]
[PlyCount "69"]
[EventDate "2016.04.02"]
[EventType "swiss"]
[EventRounds "5"]
[EventCountry "CAN"]

1. e4 c5 2. d4 cxd4 3. c3 dxc3 4. Nxc3 Nc6 5. Nf3 g6 6. Bc4 Bg7 7. e5 d6 8.
exd6 Qxd6 9. Qxd6 exd6 10. Nb5 Kd7 11. Bxf7 a6 12. Nc3 Nd4 13. Nxd4 Bxd4 14.
O-O Ne7 15. Bb3 Rf8 16. Bg5 b5 17. Rad1 Bxc3 18. bxc3 Bb7 19. c4 Rac8 20. cxb5
axb5 21. Bxe7 Kxe7 22. Rfe1+ Kd7 23. Be6+ Kc7 24. Bxc8 Bxc8 25. Re7+ Kc6 26.
Rxh7 d5 27. Rc1+ Kd6 28. Rhc7 Bf5 29. Kf1 Bd3+ 30. Kg1 Bc4 31. Rg7 Rf6 32. a3
d4 33. a4 Kc5 34. axb5 Kxb5 35. Rb7+ 1-0

[Event "2016 Red Deer Open"]
[Site "Red Deer"]
[Date "2016.04.16"]
[Round "1.1"]
[White "Miller, David"]
[Black "Moreau, Stephen"]
[Result "1-0"]
[WhiteElo "2241"]
[BlackElo "1599"]
[PlyCount "65"]
[EventDate "2016.04.16"]
[EventType "swiss"]
[EventRounds "5"]
[EventCountry "CAN"]

1. e4 e5 2. f4 Bc5 3. Nf3 d6 4. Bc4 Be6 5. Bxe6 fxe6 6. fxe5 dxe5 7. d3 Nd7 8.
Qe2 Qe7 9. Nc3 Ngf6 10. Be3 Bxe3 11. Qxe3 Qb4 12. O-O-O a5 13. a3 Qb6 14. Qxb6
Nxb6 15. Nxe5 Nbd7 16. Nxd7 Kxd7 17. h3 Rhf8 18. Rhf1 Rf7 19. e5 Raf8 20. exf6
gxf6 21. g4 c6 22. Rf4 Ke7 23. Rdf1 h6 24. Ne4 b6 25. Kd2 e5 26. R4f3 Ke6 27.
Ng3 b5 28. Nf5 Rh8 29. Ng3 Rb8 30. Rf5 b4 31. a4 b3 32. c3 Rd8 33. Ne4 1-0

[Event "2016 Red Deer Open"]
[Site "Red Deer"]
[Date "2016.04.16"]
[Round "1.2"]
[White "Scholz, Mike"]
[Black "Jackson, Philippe"]
[Result "1/2-1/2"]
[WhiteElo "1444"]
[BlackElo "1736"]
[PlyCount "39"]
[EventDate "2016.04.16"]
[EventType "swiss"]
[EventRounds "5"]
[EventCountry "CAN"]

1. e4 d6 2. Nc3 Nf6 3. d4 g6 4. Nf3 Bg7 5. d5 e5 6. Bg5 h6 7. Bxf6 Bxf6 8. Qd3
Bd7 9. h3 Na6 10. Qc4 c6 11. dxc6 Bxc6 12. Nd5 Bg7 13. c3 Rc8 14. Be2 Bd7 15.
Qd3 Nc5 16. Qc2 f5 17. Bd3 fxe4 18. Bxe4 Nxe4 19. Qxe4 g5 20. Qg6+ 1/2-1/2

[Event "2016 Red Deer Open"]
[Site "Red Deer"]
[Date "2016.04.16"]
[Round "1.3"]
[White "Koperski, Dustin"]
[Black "Taranik, Nikita"]
[Result "1/2-1/2"]
[WhiteElo "1729"]
[BlackElo "1260"]
[PlyCount "100"]
[EventDate "2016.04.16"]
[EventType "swiss"]
[EventRounds "5"]
[EventCountry "CAN"]

1. e4 e5 2. Nf3 Nc6 3. Bc4 Nf6 4. Ng5 d5 5. exd5 Na5 6. Bb5+ c6 7. dxc6 Nxc6 8.
O-O Bd6 9. Nc3 O-O 10. Bxc6 bxc6 11. d3 Bf5 12. Nge4 Nd5 13. b3 Re8 14. Bb2 Qc7
15. Nxd6 Qxd6 16. Ne4 Qb4 17. Qf3 Bg6 18. Rfe1 f6 19. a4 Qb7 20. Nd6 Qd7 21.
Nxe8 Rxe8 22. Ba3 Nf4 23. Bc5 a6 24. Rac1 Bh5 25. Qe4 Qg4 26. Kf1 f5 27. Qf3
Qxf3 28. gxf3 Bxf3 29. d4 e4 30. a5 Re6 31. Re3 Rg6 32. Ke1 Ng2+ 33. Kd2 Nxe3
34. Kxe3 Rg2 35. Bd6 g5 36. Rf1 f4+ 37. Kd2 e3+ 38. Kd3 e2 39. Re1 Rxf2 40. c4
Rf1 41. Kd2 Rf2 42. h4 h6 43. hxg5 hxg5 44. d5 cxd5 45. cxd5 Bg4 46. Be7 f3 47.
Bxg5 Kf7 48. Bh4 Rf1 49. Ke3 Ke8 50. Bg3 Kd7 1/2-1/2

[Event "2016 Red Deer Open"]
[Site "Red Deer"]
[Date "2016.04.16"]
[Round "2.1"]
[White "Taranik, Alexey"]
[Black "Miller, David"]
[Result "0-1"]
[WhiteElo "1698"]
[BlackElo "2241"]
[PlyCount "102"]
[EventDate "2016.04.16"]
[EventType "swiss"]
[EventRounds "5"]
[EventCountry "CAN"]

1. c4 Nf6 2. g3 e5 3. Bg2 Nc6 4. Nc3 Bc5 5. e3 O-O 6. Nge2 d5 7. Nxd5 Nxd5 8.
cxd5 Nb4 9. Qb3 c6 10. O-O Nxd5 11. d4 exd4 12. exd4 Bb6 13. Nc3 Nxc3 14. bxc3
Be6 15. Qc2 Qd7 16. Ba3 Rfe8 17. Rfe1 Bc4 18. Be4 g6 19. Bd3 Qd5 20. Bxc4 Qxc4
21. Qb3 Qd5 22. Rad1 Qf3 23. Qc4 Re6 24. Rb1 Rae8 25. Rxe6 Rxe6 26. Bc5 Re2 27.
Rf1 Rc2 28. Bxb6 axb6 29. Qb4 b5 30. Qe7 Qxc3 31. Qxb7 Re2 32. a4 bxa4 33. Qa8+
Kg7 34. Qxa4 Qd3 35. Qa1 Kh6 36. Qd1 Rd2 37. Qc1 Qxd4 38. Qxc6 f5 39. Qc7 Re2
40. Qb8 Kg5 41. Qc7 h6 42. Qc1+ Rd2 43. Qa1 Qe4 44. Qe1 Re2 45. Qc1+ Kh5 46.
Qc7 Qf3 47. Qf7 Kg5 48. h4+ Kg4 49. Kh2 Rxf2+ 50. Rxf2 Qxf2+ 51. Kh1 Kh3 0-1

[Event "2016 Red Deer Open"]
[Site "Red Deer"]
[Date "2016.04.16"]
[Round "2.2"]
[White "Jackson, Philippe"]
[Black "Taranik, Nikita"]
[Result "1/2-1/2"]
[WhiteElo "1736"]
[BlackElo "1260"]
[PlyCount "95"]
[EventDate "2016.04.16"]
[EventType "swiss"]
[EventRounds "5"]
[EventCountry "CAN"]

1. Nf3 Nc6 2. g3 e5 3. d3 Nf6 4. Bg2 d5 5. O-O Bc5 6. Nbd2 Bf5 7. Re1 O-O 8. e4
dxe4 9. dxe4 Nxe4 10. Nxe4 Qxd1 11. Rxd1 Bxe4 12. c3 Bf5 13. Nh4 Be6 14. Re1 f6
15. Be3 Bxe3 16. Rxe3 Bf7 17. Nf5 Rad8 18. Bxc6 bxc6 19. Ne7+ Kh8 20. Nxc6 Rd2
21. b4 Rxa2 22. Rxa2 Bxa2 23. Rd3 Kg8 24. Rd7 Rf7 25. Rd8+ Rf8 26. Ne7+ Kf7 27.
Rd7 Re8 28. Nc6+ Ke6 29. Rxg7 Kd6 30. Na5 Re7 31. Nb7+ Ke6 32. Nc5+ Kd6 33.
Nb7+ Kd7 34. Nc5+ Kd6 35. Ne4+ Ke6 36. Nc5+ Kd6 37. Nb7+ Ke6 38. Nd8+ Kd6 39.
Rxe7 Kxe7 40. Nc6+ Kd6 41. Nxa7 Kd5 42. Nb5 c5 43. Na3 cxb4 44. cxb4 Bc4 45.
Nc2 Kc6 46. f3 Kb5 47. Kf2 Bb3 48. Ne3 1/2-1/2

[Event "2016 Red Deer Open"]
[Site "Red Deer"]
[Date "2016.04.16"]
[Round "2.3"]
[White "Scholz, Mike"]
[Black "Koperski, Dustin"]
[Result "0-1"]
[WhiteElo "1444"]
[BlackElo "1729"]
[PlyCount "48"]
[EventDate "2016.04.16"]
[EventType "swiss"]
[EventRounds "5"]
[EventCountry "CAN"]

1. Nc3 c5 2. d4 cxd4 3. Qxd4 Nc6 4. Qa4 g6 5. e4 Bg7 6. Nf3 d6 7. Bb5 Bd7 8.
O-O a6 9. Bxc6 Bxc6 10. Qc4 Nf6 11. Re1 O-O 12. a4 Rc8 13. Qe2 Nd7 14. Bd2 Ne5
15. b3 Nxf3+ 16. Qxf3 e6 17. Rab1 Qc7 18. Qd3 Rfd8 19. Ne2 d5 20. exd5 Bxd5 21.
c4 Bxg2 22. Qxd8+ Rxd8 23. Bf4 Qc6 24. Ng3 Bh3 0-1

[Event "2016 Red Deer Open"]
[Site "Red Deer"]
[Date "2016.04.16"]
[Round "3.1"]
[White "Miller, David"]
[Black "Jackson, Philippe"]
[Result "1-0"]
[WhiteElo "2241"]
[BlackElo "1736"]
[PlyCount "111"]
[EventDate "2016.04.16"]
[EventType "swiss"]
[EventRounds "5"]
[EventCountry "CAN"]

1. e4 d6 2. d4 Nf6 3. Nc3 g6 4. Be2 Bg7 5. Be3 O-O 6. g4 b6 7. g5 Ne8 8. Qd2
Bb7 9. O-O-O Nd7 10. f4 c5 11. d5 e6 12. dxe6 fxe6 13. Bc4 Qe7 14. Nge2 a6 15.
Ng3 b5 16. Be2 Nb6 17. Rhf1 d5 18. exd5 Nxd5 19. Nce4 Nxe3 20. Qxe3 Bd4 21. Qa3
Qc7 22. Bg4 Bd5 23. Nc3 Bc4 24. Nce2 b4 25. Qf3 Rd8 26. Nxd4 cxd4 27. Rf2 Bd5
28. Qe2 Rxf4 29. Bxe6+ Bxe6 30. Qxe6+ Qf7 31. Qxf7+ Rxf7 32. Rxf7 Kxf7 33. Ne2
Rd5 34. Rxd4 Rxg5 35. Rxb4 Rg2 36. Rb7+ Kg8 37. Kd2 Nd6 38. Rb8+ Kf7 39. h3 Ke6
40. Rb3 Kd5 41. Rd3+ Kc5 42. Rc3+ Kd5 43. Ke3 Nc4+ 44. Kf3 Rh2 45. Nf4+ Kd4 46.
Ne6+ Kd5 47. Nc7+ Kd4 48. Ne6+ Kd5 49. Kg3 Rd2 50. Nc7+ Kd4 51. Ne6+ Kd5 52.
Nf4+ Kd4 53. Rd3+ Rxd3+ 54. Nxd3 Ne3 55. Nb4 Kc4 56. Kf4 1-0